000 00565cam a2200193 4500500
005 20260329002218.0
041 _afre
042 _adc
100 1 0 _aMoreau, Anne-Sophie
_eauthor
245 0 0 _a« Fukushima, un crime légal »
260 _c2011.
500 _a4
690 _aLobby
690 _aNature
690 _aNucléaire
690 _aTechnologie
786 0 _nPhilosophie magazine | 49 | 5 | 2011-05-01 | p. 16-16 | 1951-1787
856 4 1 _uhttps://shs.cairn.info/magazine-philosophie-magazine-2011-5-page-16?lang=fr&redirect-ssocas=7080
999 _c1812768
_d1812768